Špeciálne technológie stavieb - Drevostavby

Bibliographic Details
Main Author: Švajlenka, Jozef, 1987- (Author)
Format: Software eBook
Language:Slovak
PhysicalDescription:1 CD-ROM 12 cm
Published: Košice Technická univerzita v Košiciach 2021
ISBN:9788055338323
Edition:Vydanie prvé
Subjects:

MARC

LEADER 00000nam a2200000 4500
001 vtls012238719
003 SK-MaSNL
005 20260301082324.0
007 co bg auuua
008 230906s2021 xo fqn 000 0 slo
015 |a SNBS2023 
020 |a 9788055338323  |q (elektronická kniha) 
040 |a SNK  |b slo  |c SNK  |e rda 
041 0 |a slo 
044 |a xo  |c SK 
072 7 |2 konspekt 
080 |2 2011 
100 1 |a Švajlenka, Jozef,  |d 1987-  |4 aut  |9 407050 
245 1 0 |a Špeciálne technológie stavieb - Drevostavby  |c Jozef Švajlenka 
250 |a Vydanie prvé 
264 1 |a Košice  |b Technická univerzita v Košiciach  |c 2021 
300 |a 1 CD-ROM  |c 12 cm 
336 |a text  |b txt  |2 rdacontent 
337 |a počítač  |b c  |2 rdamedia 
338 |a počítačový disk  |b cd  |2 rdacarrier 
347 |a textový súbor  |b PDF  |2 rda 
366 |e 100 kusov 
504 |a Obsahuje bibliografiu na strane 98-106 
655 7 |a CD-ROM  |2 SNKPH  |9 70236 
710 2 |a Technická univerzita v Košiciach.  |b Stavebná fakulta  |4 pbl  |9 173532 
919 |a 978-80-553-3832-3 
999 |c 658243  |d 660173 
952 |t 1  |a SNK  |b SNK  |c SNK_KF  |y PREZ  |7 8  |p 17A1534462  |o snkSCDM 12786  |i snk2023/12937  |8 0  |0 0  |1 0  |2 udc  |4 0  |d 2023-09-06  |l 0  |r 2026-02-23 18:44:00  |w 2026-02-23